000 00814nam a2200265 a 4500
008
020 _a0750651687 (pbk.)
049 _aMAIN
090 _aTA169
100 1 _aSmith, David John
245 1 0 _aReliability, maintainability, and risk :
_bpractical methods for engineers /
_cDavid J. Smith.
250 _a6th ed.
260 _aOxford :
_bButterworth-Heinemann,
_c2001.
300 _axii, 335 p. :
_bill. ;
_c25 cm.
504 _aIncludes bibliographical references.
500 _aIncludes index.
650 0 _aReliability (Engineering).
650 0 _aMaintainability (Engineering).
650 0 _aEngineering design.
907 _a.b10127252
_b12-09-05
_c16-06-04
003
005 20230123134045.0
040 _cNUST
942 _cBOOKS
_kTA169
999 _c159263
_d159263